[Event "IND-chT (Women) 15th"]
[Site "Bhopal"]
[Date "2017.02.04"]
[Round "3.4"]
[White "Panchal Tisha, N."]
[Black "Chitlange, Sakshi"]
[Result "0-1"]
[WhiteElo "1318"]
[BlackElo "2098"]
[PlyCount "34"]
[EventDate "2017.02.02"]
[EventType "team-swiss"]
[EventRounds "7"]
[EventCountry "IND"]
[SourceTitle "CBM 176 Extra"]
[Source "ChessBase"]
[SourceDate "2017.03.02"]
[SourceVersion "1"]
[SourceVersionDate "2017.03.02"]
[SourceQuality "1"]
[WhiteTeam "Gujarat (W)"]
[BlackTeam "Airports Authority"]
[WhiteTeamCountry "IND"]
[BlackTeamCountry "IND"]

1. Nc3 d5 2. e4 dxe4 3. Nxe4 Nf6 4. Nxf6+ exf6 5. Bc4 Be7 6. d3 0-0 7. Qh5 Nc6 8. Bf4 Nd4 9. 0-0-0 b5 10. Bb3 c6 11. Re1 a5 12. Be3 Nxb3+ 13. axb3 a4 14. bxa4 Rxa4 15. Ne2 Bg4 16. Qh4 Bxe2 17. f4 Qa5 0-1